| 000 | 00487 a2200145 4500 | ||
|---|---|---|---|
| 001 | ART_46694 | ||
| 005 | 20260410162040.0 | ||
| 008 | 260409a | ||
| 245 | 1 | 0 | _aImpacto del Plan Garantizado de Salud con prima comunitaria única en la demanda del seguro privado de salud en Chile |
| 100 | 1 | _aBitran, Eduardo | |
| 700 | 1 | _aDuarte, Fabián | |
| 700 | 1 | _aFernandes, Dalila | |
| 700 | 1 | _aVillena, Marcelo | |
| 773 | 0 |
_tRevista Cepal _g- Nº 123 (dic. 2017) _wREV45125 |
|
| 999 |
_c34771 _d34771 |
||